20 Capital City Pairs Likely to be Closest to Random Point - Statistics

General Stats
  • This quiz has been taken 646 times
  • The average score is 11 of 20
Answer Stats
Capital % Correct
Washington DC
86%
Ottawa
79%
Canberra
75%
Wellington
72%
Wellington
72%
Buenos Aires
68%
Buenos Aires
68%
Santiago
66%
Mexico City
65%
Montevideo
60%
Guatemala City
49%
Apia
43%
Apia
43%
Funafuti
36%
Nukuʻalofa
34%
Nukuʻalofa
34%
South Tarawa
32%
Antananarivo
30%
Majuro
28%
Port Louis
23%
No matching quizzes found
Score Distribution
Percent of People with Each Score
Percentile by Number Answered
Your Score History
You have not taken this quiz